| 000 | 01241nam a2200181 4500 | ||
|---|---|---|---|
| 005 | 20260108112944.0 | ||
| 008 | 260107b |||||||| |||| 00| 0 eng d | ||
| 020 |
_a9780820403236 _qhbk |
||
| 082 |
_a300.72 _bTZI |
||
| 100 | _aTziner,E.Aharon | ||
| 245 | _aThe Facet Analytic Approach to Reseaech and Data Processing | ||
| 260 |
_aNew York _bPeter Lang Pub Inc; New edition _c1 August 1987 |
||
| 300 | _ax139 p. | ||
| 500 | _aFacet analysis is a method of applying mathematically-derived concepts to the study of social and behavioral topics. Developed in the mid-1950''s to provide researchers with the tools necessary to rigorously define whatever subject or «universe» they were exploring, facet analysis greatly facilitates the replicability of research -a primary ingredient in the accumulation of scientific knowledge. This text, intended for students of social and behavioral sciences, takes the reader through the entire facet analytical process. Throughout the text, examples are drawn from the literature in psychology, political science, and sociology. Students wishing to further expand their knowledge are provided with a comprehensive bibliography. | ||
| 504 | _aindex | ||
| 650 | _aAharon E.Tziner | ||
| 942 | _cENGLISH | ||
| 999 |
_c607546 _d607546 |
||